000
00229nam a2200109Ia 4500
999
_c
5824
_d
5824
020
_a
978-1133593072
100
_a
Linda Brannon
245
0
_a
Health Psychology
260
_a
New York
_b
Wadsworth
_c
2014
300
_a
521
942
_c
BK